000 00761nam a2200289Ia 4500
005 20260324113113.0
008 008 260324s9999 xx 000 0 eng d
020 _a9781003505693
037 _aEBOOK
040 _aCRL
040 _beng
040 _cCRL
041 _2eng
041 _aeng
084 _qCRL
100 _aCharles F. Gilks; Yibeltal Assefa Alemu
_91145430
245 2 _aA WHO Public Health Approach to Ending AIDS in the Global South
245 0 _bLessons for NCD Control and Universal Health Coverage
260 _bTaylor and Francis
260 _c2024
365 _a
365 _b205
856 _uhttp://www.taylorfrancis.com/books/9781003505693
942 _cEBOOK
999 _c1734911
_d1734911